| 000 | 01006nam a2200277Ia 4500 | ||
|---|---|---|---|
| 003 | OSt | ||
| 005 | 20220930094924.0 | ||
| 006 | a|||||r|||| 00| 0 | ||
| 007 | ta | ||
| 008 | 220926b |||||||| |||| 00| 0 hin d | ||
| 020 |
_a9789383150199 (pbk) _cIndian Rupees 50 |
||
| 024 | _a35594 | ||
| 037 |
_bGift, 01/02/2018, _cTheses |
||
| 040 |
_aCRL _cCRL _bhin |
||
| 041 |
_2hin _ahin |
||
| 082 | _aO152,1x, Q3 | ||
| 100 | _aदाधीच, नरेश, ले. | ||
| 245 | 0 | _aपॉंव बने है मेरे बादलः काव्य-संग्रह | |
| 246 | _aPaॉanva bane hai mere bādalah kāvya-sangraha | ||
| 260 |
_aजयपुर _bबोधि प्रकाशन भररत _c2013 |
||
| 300 |
_a80पृ0 _ap. _ccm. |
||
| 650 | _a हिन्दी साहित्य | ||
| 650 | _aहिन्दी कविता | ||
| 942 |
_hO152,1x, Q3 _cDIS _2CC |
||
| 999 |
_c887961 _d887961 |
||